Reštrukturalizácia poľnohospodárskej výroby v regiónoch Slovenska.
Návrh na racionálne rozmiestenie poľnohospodárskej výroby v SR je kombináciou odporúčaného optimálneho riešenia pomocou matematického modelu a riešenia, ktoré je výsledkom empirického postupu. Nová štruktúra výroby má zohľadniť výrobné i ekologické podmienky, zabezpečiť základnú spotrebu potravín, r...
Gespeichert in:
| 1. Verfasser: | |
|---|---|
| Format: | Buchkapitel |
| Sprache: | Slowakisch |
| Schlagworte: | |
| Tags: |
Keine Tags, Fügen Sie das erste Tag hinzu!
|
MARC
| LEADER | 00000naa a2200000 4500 | ||
|---|---|---|---|
| 001 | r010001 | ||
| 005 | 20220831083340.5 | ||
| 041 | 0 | |a slo | |
| 044 | |a [CS] | ||
| 245 | 1 | 0 | |a Reštrukturalizácia poľnohospodárskej výroby v regiónoch Slovenska. |c J. Bodian |
| 520 | |a Návrh na racionálne rozmiestenie poľnohospodárskej výroby v SR je kombináciou odporúčaného optimálneho riešenia pomocou matematického modelu a riešenia, ktoré je výsledkom empirického postupu. Nová štruktúra výroby má zohľadniť výrobné i ekologické podmienky, zabezpečiť základnú spotrebu potravín, reálne možnosti vývozu potravín a rešpektovať zvláštnosti poľnohospodárstva v jednotlivých oblastiach. | ||
| 610 | 2 | 0 | |a výroba poľnohospodárska |
| 610 | 2 | 0 | |a Slovensko |
| 610 | 2 | 0 | |a regionalizácia |
| 610 | 2 | 0 | |a regióny |
| 610 | 2 | 0 | |a štruktúra výroby |
| 610 | 2 | 0 | |a modely ekonomicko-matematické |
| 610 | 2 | 0 | |a poľnohospodárstvo |
| 100 | 1 | |a Bodian, J. | |